Klasifikácia súčiastok z pohľadu CNC obrábania

Na minha lista:
Detalhes bibliográficos
Autor principal: Šimna, Vladimír, 1985- (Author)
Outros Autores: Pokorný, Peter, 1976- (Thesis advisor)
Formato: Manuscrito Livro
Idioma:eslovaco
Publicado em: STU v Bratislave MTF UVTE KOM, 2010
Assuntos:
Acesso em linha:VAIS
Tags: Adicionar Tag
Sem tags, seja o primeiro a adicionar uma tag!

MARC

LEADER 00000ntm a22000003a 4500
001 stu206291
005 20150617230057.1
008 100702s2010------------------------slo-d
040 |a STU  |b slo 
041 0 |a slo 
100 1 |a Šimna, Vladimír,  |d 1985-  |4 aut  |u M3000  |U MTF Materiálovotechnologická fakulta  |T MTF Ústav výrobných technológií  |X 30333  |U M3000  |Y 83  |7 A000030333 
242 0 0 |a Parts classification from view of CNC machining  |y eng 
245 1 |a Klasifikácia súčiastok z pohľadu CNC obrábania 
260 |b STU v Bratislave MTF UVTE KOM,  |c 2010 
650 7 |a classification  |2 estusub 
650 7 |a relačný databázový systém  |2 stusub 
650 7 |a klasifikácia  |2 stusub 
700 1 |a Pokorný, Peter,  |d 1976-  |4 ths  |u M3000  |U MTF Materiálovotechnologická fakulta  |T MTF Ústav výrobných technológií  |X 2771  |U M3000  |Y 83  |7 A000002771 
856 4 |a info a plný text  |u http://is.stuba.sk/zp/portal_zp.pl?podrobnosti=58526  |3 VAIS 
996 |c M*DP-9085  |l MMSKP  |s P  |a 0  |w stu206291_0001